Khảo sát sự thay đổi đặc tính sinh lý- sinh hoá và ảnh hưởng của tỷ trọng trái và benzyl adenine đến tiến trình chín của xoài cát Hoà Lộc

Tiến trình chín của xoài Cát Hòa Lộc xảy ra rất nhanh. Đỉnh hô hấp và ethylene xảy ra chỉ trong hai ngày sau khi thu hoạch, cùng lúc đó chỉ số diệp lục tố giảm nhanh và độ cứng giảm có ý nghĩa thống kê 1%. Sau thu hoạch 6 ngày bắt đầu mềm và toa...

Celý popis

Uloženo v:
Podrobná bibliografie
Hlavní autor: Trần, Thị Kim Ba
Médium: Kniha
Jazyk:Undetermined
Vydáno: Cần Thơ Trường Đại học Cần Thơ 1998
Témata:
Tagy: Přidat tag
Žádné tagy, Buďte první, kdo otaguje tento záznam!
Thư viện lưu trữ: Trung tâm Học liệu Trường Đại học Cần Thơ
LEADER 01400nam a2200205Ia 4500
001 CTU_83258
008 210402s9999 xx 000 0 und d
082 |a 634.44 
082 |b B100 
088 |a 040100 
100 |a Trần, Thị Kim Ba 
245 0 |a Khảo sát sự thay đổi đặc tính sinh lý- sinh hoá và ảnh hưởng của tỷ trọng trái và benzyl adenine đến tiến trình chín của xoài cát Hoà Lộc 
245 0 |c Trần Thị Kim Ba 
260 |a Cần Thơ 
260 |b Trường Đại học Cần Thơ 
260 |c 1998 
520 |a Tiến trình chín của xoài Cát Hòa Lộc xảy ra rất nhanh. Đỉnh hô hấp và ethylene xảy ra chỉ trong hai ngày sau khi thu hoạch, cùng lúc đó chỉ số diệp lục tố giảm nhanh và độ cứng giảm có ý nghĩa thống kê 1%. Sau thu hoạch 6 ngày bắt đầu mềm và toả hương thơm. Đến ngày thứ 8 trái mềm hoàn toàn. Chất điều hòa sinh trưởng benzyl adenine có khả năng làm chậm tiến trình chín của xoài Cát Hoà lộc khi được xử lý ở nồng độ 100pm. 
650 |a Fruit trees,Mango,Plants, protection of 
904 |i Truc, QHieu 
980 |a Trung tâm Học liệu Trường Đại học Cần Thơ